Markets, Games, and Strategic Behavior <An> Introduction to Experimental Economics

Na minha lista:
Detalhes bibliográficos
Autor principal: Holt, Charles A.
Formato: Livro
Idioma:inglês
Publicado em: Princeton Princeton University Press 2019
Edição:2nd Edition
Assuntos:
Tags: Adicionar Tag
Sem tags, seja o primeiro a adicionar uma tag!

MARC

LEADER 00000nam a2200000 4500
001 0257251
005 20230105093045.7
020 |a 978-0-691-17924-7 
041 0 |a eng 
044 |a US 
245 1 0 |a Markets, Games, and Strategic Behavior  |b <An> Introduction to Experimental Economics  |c Charles A. Holt 
250 |a 2nd Edition 
264 1 |a Princeton  |b Princeton University Press  |c 2019 
300 |a 677 s. 
610 2 0 |a ekonómia experimentálna 
610 2 0 |a trh 
610 2 0 |a hry 
610 2 0 |a správanie 
610 2 0 |a rozhodovanie 
610 2 0 |a riziko 
610 2 0 |a teória hier 
610 2 0 |a experimenty 
610 2 0 |a aukcie 
100 1 |a Holt, Charles A.